[Event "Nikaia op-B 20th"]
[Site "Nikaia"]
[Date "2012.08.27"]
[Round "3.1"]
[White "Athanasopoulos, Stavros"]
[Black "Asvestopoulou, Evdokia"]
[Result "1-0"]
[WhiteElo "1798"]
[BlackElo "1584"]
[PlyCount "43"]
[EventDate "2012.08.26"]
[EventType "swiss"]
[EventRounds "9"]
[EventCountry "GRE"]
[SourceTitle "EXT 2024"]
[Source "ChessBase"]
[SourceDate "2023.10.10"]
[SourceVersion "1"]
[SourceVersionDate "2023.10.10"]
[SourceQuality "1"]

1. e4 a6 2. d4 b5 3. Nf3 Bb7 4. Bd3 Nf6 5. Nbd2 e6 6. Qe2 c5 7. c3 Qb6 8. e5 Nd5 9. Ne4 cxd4 10. cxd4 Nc6 11. Be3 Bb4+ 12. Ned2 0-0 13. 0-0 d6 14. Bxh7+ Kxh7 15. Ng5+ Kg6 16. Qd3+ f5 17. exf6+ Kxf6 18. Nh7+ Ke7 19. Nxf8 Rxf8 20. Nf3 Ba5 21. Qg6 Rg8 22. Ng5 1-0

[Event "GRE-chT 40th"]
[Site "Achaia"]
[Date "2012.06.30"]
[Round "1.12"]
[White "Sourgkounis, Angelos"]
[Black "Athanasopoulos, Stavros"]
[Result "1/2-1/2"]
[WhiteElo "1898"]
[BlackElo "1792"]
[PlyCount "128"]
[EventDate "2012.06.30"]
[EventType "team-swiss"]
[EventRounds "7"]
[EventCountry "GRE"]
[SourceTitle "CBM 149 Extra"]
[Source "ChessBase"]
[SourceDate "2012.08.24"]
[SourceVersion "1"]
[SourceVersionDate "2012.08.24"]
[SourceQuality "1"]
[WhiteTeam "Panathlitikos Sykeon"]
[BlackTeam "Peiraikos"]
[WhiteTeamCountry "GRE"]
[BlackTeamCountry "GRE"]

1. e4 c5 2. Nf3 d6 3. b3 Nf6 4. Nc3 Nc6 5. Bb2 Bg4 6. Be2 e6 7. 0-0 Be7 8. h3 Bxf3 9. Bxf3 0-0 10. Ne2 d5 11. exd5 Nxd5 12. Ng3 Bf6 13. Bxf6 Qxf6 14. Ne4 Qe7 15. Re1 Rad8 16. d3 Nd4 17. a3 e5 18. g3 f5 19. Nd2 Nc3 20. Qc1 Nxf3+ 21. Nxf3 e4 22. Qf4 Qf6 23. dxe4 Ne2+ 24. Rxe2 Qxa1+ 25. Kg2 Rd1 26. exf5 Rh1 27. Ne5 Rg1+ 28. Kf3 Qc3+ 29. Kg4 Rd1 30. Nd3 Rxd3 31. cxd3 Qxb3 32. Qc4+ Qxc4+ 33. dxc4 Kf7 34. Kf4 Rd8 35. g4 Rd4+ 36. Re4 Rd3 37. h4 Rxa3 38. Re5 b6 39. g5 Ra4 40. Re4 a6 41. Ke5 b5 42. Kd5 b4 43. Kxc5 b3 44. Re1 Ra5+ 45. Kb6 Ra2 46. Rb1 Rc2 47. c5 b2 48. c6 a5 49. Kxa5 Rxc6 50. Rxb2 Rc5+ 51. Rb5 Rc2 52. f3 Rc3 53. h5 Rxf3 54. Kb6 Rh3 55. g6+ Kf6 56. Kc7 Rxh5 57. gxh7 Rxh7 58. Kd6 Rh5 59. Rb8 Rxf5 60. Rf8+ Kg5 61. Rg8 g6 62. Ke6 Kh5 63. Rh8+ Kg4 64. Rh1 Rf4 1/2-1/2